Responses for Show #2822 - Tuesday, December 3, 1996

Contestants

[<< previous game]

Gay Mollette, a procurement manager originally from Detroit, Michigan

David Itkin, an attorney originally from Rochester, New York

Harry Barker, a computer applications specialist originally from Bloomington, Indiana (whose 1-day cash winnings total $5,399)

[next game >>]

Jeopardy! Round responses

FAMOUS GABYs
DECEMBER
DANCE
PERILS
MEXICO
ODDS & ENDS
    $100 6
Fallopian tube

Gay
    $100 7
December 7th

Harry
    $100 1
ballet

Harry
    $100 12
Niagara Falls

Gay
    $100 23
Aztecs

Gay
    $100 13
line of scrimmage

Harry
    $200 18
90210

David
    $200 8
Prohibition

Harry
    $200 2
maypole

Harry
    $200 22
Apollo 13

David
    $200 24
(David: Who is Jefferson?)
(Gay: Who is Carnegie?)

Benjamin Franklin

DavidGay
Triple Stumper
    $200 14
Andes

Gay
    $300 19
(Gabriel) Fahrenheit

Gay
    $300 9
Jimmy Carter

David
    $300 3
waltz

Gay
    $300 28
Everest

Harry
    $300 25
piñata

Gay
    $300 15
diamonds

Gay
    $400 20
Gabriela Sabatini

Harry
    $400 10
U Thant

Harry
    $400 4
ice dancing

David
    $400 29
Evel Knievel

Gay
    $400 26
Christmas

Triple Stumper
    $400 16
spine

David
    $500 21
(Coco) Chanel

Gay
    $500 11
Les Aspin

David
    $500 5
polka

David
    $500 30
duel

David
    $500 27
(Gay: What is a...what is a burro and um, [laughter] and I have no idea?)

snake & eagle

Gay
    $500 17
(David: What is the altar?)

pulpit

DavidGay

Scores at the first commercial break (after clue 15):

Harry David Gay
$1,100 $1,700 $1,000

Scores at the end of the Jeopardy! Round:

Harry David Gay
$1,800 $2,300 $2,400

Double Jeopardy! Round responses

TITLES
LAKES & RIVERS
DOGS
ARTISTS
AMERICAN HISTORY
CELEBRITY BOOKS
    $200 12
Pope John Paul II

Gay
    $200 22
Japan

Gay
    $200 2
Chihuahua

Gay
    $200 1
(John James) Audubon

David
    $200 4
Vermont

Gay
    $200 5
Candice Bergen

David
    $400 13
shah

Harry
    $400 23
(David: What is the Ganges?)

Indus

David
Triple Stumper
    $400 3
Grandma Moses

David
    $400 6
Mason-Dixon line

Gay
    $400 7
Leonard Nimoy

David
    $600 14
maharani

Gay
    $600 27
[The end-of-round signal sounds.]

Ireland

Gay
    $600 9
Gauguin

Harry
    $600 8
Cuban Missile Crisis

Harry
    $600 19
Gilligan (or Maynard G. Krebs)

Gay
    $800 15
(Gay: What is a Holy Roman Emperor?)

Archduke

DavidGay
    $800 24
Lake Baikal

Gay
    $800 26
(Harry: What are Newfoundland retrievers?)

Labrador retrievers

Harry
Triple Stumper
    $800 10
Goya

Gay
    $800 17
(David: What is the Communist party of the United States?)

Socialist party

DavidGay
    $800 20
Carly Simon

Harry
    $1000 16
(Harry: What is [sounded like in-fon-tay] infante?)
...
(Alex: If I heard correctly, Harry, you changed a vowel on the end. You said infante instead of [*].)

infanta

Harry
Triple Stumper
    $200 25
Rhine

Gay
    $1000 11
Marc Chagall

Triple Stumper
    $1000 18
Battle of Lake Erie

Triple Stumper
    $1000 21
Fannie Flagg

Gay

Scores at the end of the Double Jeopardy! Round:

Harry David Gay
$2,400 $3,100 $8,200
(lock game)

[wagering suggestions for these scores]

Final Jeopardy! Round responses

U.S. CITY NAME ORIGINS
HarryWhat is Boca Raton
$2,399
DavidWhat is Pensacola?
$1,701
GayWhat is Boca Raton?
$200
Boca Raton

Final scores:

Harry David Gay
$4,799 $1,399 $8,400
2nd place: trip to Mexico City + Jeopardy! Challenger 3rd place: Ducane 2004SS gas grill + Jeopardy! Challenger New champion: $8,400

Game dynamics:

Coryat scores:

Harry David Gay
$2,400 $3,100 $9,500
12 R,
2 W
13 R,
4 W
24 R
(including 2 DDs),
3 W
(including 1 DD)

Combined Coryat: $15,000

[game clues] [game scores] [suggest correction]

Game tape date: 1996-10-15
The J! Archive is created by fans, for fans. Scraping, republication, monetization, and malicious use prohibited; this site may use cookies and collect identifying information. See terms. The Jeopardy! game show and all elements thereof, including but not limited to copyright and trademark thereto, are the property of Jeopardy Productions, Inc. and are protected under law. This website is not affiliated with, sponsored by, or operated by Jeopardy Productions, Inc. Join the discussion at JBoard.tv.